El cuento en la literatura infantil: ensayo crítico
Guardado en:
| Autor principal: | |
|---|---|
| Formato: | Libro |
| Lenguaje: | español |
| Publicado: |
Buenos Aires
Kapelusz
1980
|
| Colección: | Biblioteca de cultura pedagógica
|
| Materias: | |
| Etiquetas: |
Agregar Etiqueta
Sin Etiquetas, Sea el primero en etiquetar este registro!
|
MARC
| LEADER | 00000nam a2200000 a 4500 | ||
|---|---|---|---|
| 001 | UCW4680 | ||
| 003 | CL-VaPUC | ||
| 008 | 900619e19800000AG |||||||||||||||||spa|d | ||
| 082 | 0 | 4 | |a 809.892 |b PAS |2 21 |
| 100 | |a Pastoriza de Etchebarne, Dora |e autora |9 343638 | ||
| 245 | 1 | 3 | |a El cuento en la literatura infantil: ensayo crítico |
| 300 | |a 232 p | ||
| 942 | |c BK | ||
| 945 | |d 19900619 00:00:00 | ||
| 260 | |a Buenos Aires |b Kapelusz |c 1980 | ||
| 650 | 0 | |a Cuento infantil |9 309482 | |
| 650 | 0 | |a Historia y crítica |9 257407 | |
| 650 | 0 | |a Literatura infantil |9 307465 | |
| 583 | |a last modification |c 19900619 00:00:00 |k Rodrigo Vera | ||
| 490 | 0 | |a Biblioteca de cultura pedagógica | |
| 999 | |c 218340 |d 218338 | ||
| 952 | |0 0 |1 0 |4 0 |6 809_892000000000000_PAS_1980 |7 0 |8 P |9 207756 |a BIBEDU |b BIBEDU |c BIBEDU_PB |d 2019-11-15 |i 2755769 |o 809.892 PAS 1980 |p 2755769 |r 2024-01-25 |w 2019-11-15 |y BK |k EDU | ||
| 952 | |0 0 |1 0 |4 0 |6 809_892000000000000_PAS_1980 |7 0 |8 P |9 207757 |a BIBEDU |b BIBEDU |c BIBEDU_PB |d 2019-11-15 |i 2755777 |o 809.892 PAS 1980 |p 2755777 |r 2024-01-25 |w 2019-11-15 |y BK |k EDU | ||
| 952 | |0 0 |1 0 |4 0 |6 809_892000000000000_PAS_1980 |7 0 |8 P |9 207758 |a BIBEDU |b BIBEDU |c BIBEDU_PB |d 2019-11-15 |i 2755785 |o 809.892 PAS 1980 |p 2755785 |r 2024-01-25 |w 2019-11-15 |y BK |k EDU | ||
| 952 | |0 0 |1 0 |4 0 |6 809_892000000000000_PAS_1980 |7 0 |8 P |9 207759 |a BIBEDU |b BIBEDU |c BIBEDU_PB |d 2019-11-15 |i 1560654 |o 809.892 PAS 1980 |p 1560654 |r 2024-01-25 |w 2019-11-15 |y BK |k EDU | ||
| 952 | |0 0 |1 0 |4 0 |6 809_892000000000000_PAS_1980 |7 0 |8 P |9 207760 |a BIBEDU |b BIBEDU |c BIBEDU_PB |d 2019-11-15 |i 1560662 |o 809.892 PAS 1980 |p 1560662 |r 2024-01-25 |w 2019-11-15 |y BK |k EDU | ||
| 952 | |0 0 |1 0 |4 0 |6 809_892000000000000_PAS_1980 |7 0 |8 P |9 207761 |a BIBEDU |b BIBEDU |c BIBEDU_PB |d 2019-11-15 |i 1560670 |o 809.892 PAS 1980 |p 1560670 |r 2024-01-25 |w 2019-11-15 |y BK |k EDU | ||
| 952 | |0 0 |1 0 |4 0 |6 809_892000000000000_PAS_1980 |7 0 |8 P |9 207762 |a BIBEDU |b BIBEDU |c BIBEDU_PB |d 2019-11-15 |i 1560689 |o 809.892 PAS 1980 |p 1560689 |r 2024-01-25 |w 2019-11-15 |y BK |k EDU | ||